000
00403nam a2200145Ia 4500
008
100122s9999 xx 000 0 und d
082
_b
56045
_a
821
100
_a
बापट वसंत
245
_a
शततारका
260
_b
पॉप्युलर प्रकाशन
_c
1999
300
_a
150
630
_a
शततारका
730
_a
शततारका
942
_c
BOOK
999
_c
432565
_d
432562